Countries with the Most McDonalds Restaurants - Statistics

General Stats
  • This quiz has been taken 1,056 times
  • The average score is 9 of 10
Answer Stats
# of Stores Country % Correct
14,267 United States
100%
1,262 United Kingdom
95%
~2,000 China
94%
1,400+ Canada
93%
1,386 France
93%
1,472 Germany
90%
2,975 Japan
87%
550 Russia
83%
920 Australia
78%
812 Brazil
76%
No matching quizzes found
Score Distribution
Percent of People with Each Score
Percentile by Number Answered
Your Score History
You have not taken this quiz